00526nam a2200145Ia 4500003000900000008004100009020002600050040001600076100002400092245007600116260003200192300002000224490003300244856010300277IN-BaIIA211028s9999 xx s 000 0 eng d a9781628418859 (Print) cIIA Library aShore, K. Alan, ed. 0a11th Education and Training in Optics and Photonics Conferenceh[eBook] aWashington, USAbSPIEc2015 aOnline resource aProceedings of SPIE; V. 9666 uhttps://www.spiedigitallibrary.org/conference-proceedings-of-spie/9666yClick Here to Access eBook